000 00271nam a22001217a 4500
008 170912b xxu||||| |||| 00| 0 eng d
041 _aeng
080 _a53
100 _a43
101 _a43
245 _aTEACHER EDUCATION IN PHYSICS
_cMELTZER.D.E
942 _2udc
_cBK
999 _c27313
_d27313